Teaching of English in India (Record no. 41219)

MARC details
000 -LEADER
fixed length control field 00481nam a2200193Ia 4500
008 - FIXED-LENGTH DATA ELEMENTS--GENERAL INFORMATION
fixed length control field 220531s9999 xx 000 0 und d
041 ## - LANGUAGE CODE
Language code of text/sound track or separate title eng
082 ## - DEWEY DECIMAL CLASSIFICATION NUMBER
Item number TEA / SHA
100 ## - MAIN ENTRY--PERSONAL NAME
Personal name Sharma, V. S.
9 (RLIN) 73980
245 ## - TITLE STATEMENT
Title Teaching of English in India
250 ## - EDITION STATEMENT
Edition statement 1ST
260 ## - PUBLICATION, DISTRIBUTION, ETC. (IMPRINT)
Place of publication, distribution, etc. Jaipur
Name of publisher, distributor, etc. Yking Books
Date of publication, distribution, etc. 2015
300 ## - PHYSICAL DESCRIPTION
Extent 246
542 ## - INFORMATION RELATING TO COPYRIGHT STATUS
Copyright holder 15-03-2017
551 ## -
-- English
-- Non-grant-ENG
650 ## - SUBJECT ADDED ENTRY--TOPICAL TERM
Topical term or geographic name as entry element English
9 (RLIN) 73981
906 ## - LOCAL DATA ELEMENT F, LDF (RLIN)
d 2016-2017
f 10496
Holdings
Withdrawn status Lost status Source of classification or shelving scheme Damaged status Not for loan Collection code Home library Current library Date acquired Vendor Cost, normal purchase price Total Checkouts Total Holds Full call number Barcode Date last seen Cost, replacement price Bill Date Koha item type Original Barcode
    Dewey Decimal Classification       Shri Siddhivinayak Mahila Mahavidyalaya Shri Siddhivinayak Mahila Mahavidyalaya 29/03/2017 Classic Book 1150.00   1 /TEA/SHA/B/21448 SSMM-BK-21448 06/08/2022 1150.00 06/08/2022 Books 010021448